<?xml version="1.0" encoding="UTF-8"?>
<collection xmlns="http://www.loc.gov/MARC21/slim">
 <record>
  <leader>01988nam a2200217Ia 4500</leader>
  <controlfield tag="001">CTU_178413</controlfield>
  <controlfield tag="008">210402s9999    xx            000 0 und d</controlfield>
  <datafield tag="082" ind1=" " ind2=" ">
   <subfield code="a">338.927</subfield>
  </datafield>
  <datafield tag="082" ind1=" " ind2=" ">
   <subfield code="b">W927</subfield>
  </datafield>
  <datafield tag="110" ind1=" " ind2=" ">
   <subfield code="a">The World Bank (WB)</subfield>
  </datafield>
  <datafield tag="245" ind1=" " ind2="0">
   <subfield code="a">Tăng trưởng xanh cho mọi người :</subfield>
  </datafield>
  <datafield tag="245" ind1=" " ind2="0">
   <subfield code="b">Con đường hướng tới phát triển bền vững = Inclusive green growth : the pathway to sustainable development</subfield>
  </datafield>
  <datafield tag="245" ind1=" " ind2="0">
   <subfield code="c">Ngân hàng Thế giới (WB)</subfield>
  </datafield>
  <datafield tag="260" ind1=" " ind2=" ">
   <subfield code="a">Hà Nội</subfield>
  </datafield>
  <datafield tag="260" ind1=" " ind2=" ">
   <subfield code="b">Ngân hàng Thế giới (WB)</subfield>
  </datafield>
  <datafield tag="260" ind1=" " ind2=" ">
   <subfield code="c">2012</subfield>
  </datafield>
  <datafield tag="520" ind1=" " ind2=" ">
   <subfield code="a">Báo cáo nhấn mạnh 5 điểm: Xanh hóa tăng trưởng là điều cần thiết, hiệu quả và hoàn toàn phù hợp với khả năng chi trả. Các rào cản, thói quen, chuẩn mực cố hữu và việc thiếu công cụ tài chính thích hợp là những trở ngại chính đối với xanh hóa tăng trưởng. Tăng trưởng xanh không cứng nhắc, tất cả các nước dù giàu hay nghèo đều có cơ hội để xanh hóa tăng trưởng mà không làm cho quá trình tăng trưởng chậm lại. Hiệu quả hoạt động môi trường được cải thiện sẽ đem lại lợi ích cho những người nghèo nhất và dễ bị tổn thương nhất. Các chính sách tăng trưởng xanh sẽ phải được thiết kế một cách thận trọng để tối đa hóa lợi ích và giảm thiểu chi phí, nhất là trong giai đoạn chuyển tiếp.</subfield>
  </datafield>
  <datafield tag="650" ind1=" " ind2=" ">
   <subfield code="a">Sustainable development,Economic development,Phát triển bền vững,Phát triển kinh tế</subfield>
  </datafield>
  <datafield tag="650" ind1=" " ind2=" ">
   <subfield code="x">Environmental aspects,Khía cạnh môi trường</subfield>
  </datafield>
  <datafield tag="904" ind1=" " ind2=" ">
   <subfield code="i">Trọng Hiếu, Sony, Trinh</subfield>
  </datafield>
  <datafield tag="980" ind1=" " ind2=" ">
   <subfield code="a">Trung tâm Học liệu Trường Đại học Cần Thơ</subfield>
  </datafield>
 </record>
</collection>
